000 01458nam a22002657a 4500
999 _c57225
_d57225
003 Ge_BSU
005 20200121162139.0
008 200121s2008 ge ||||| |||| 00| 0 geo d
020 _a978994100574
041 _ageo
080 _a579.61(075.8) გ-60
100 _aგოგიჩაძე, გიორგი
_96276
245 _aსამედიცინო მიკრობიოლოგია :
_bსახელმძღვ. სამედ. პროფილის სტუდენტებისათვის /
_cგიორგი გოგიჩაძე ; [რედ. მ. ჩიჯავაძე, დ. ფირცხალაიშვილი].
250 _aმე-2 შესწ. და გადამუშ. გამოც.
264 _a თბ. :
_bმერიდიანი,
_c2008.
300 _a468 გვ. :
_bნახ., ცხრ. ;
_c29 სმ..
500 _a საძიებლები: გვ. 441-448.
501 _a მოკლე განმარტებითი ლექსიკონი: გვ. 449-467.
504 _aბიბლიოგრ.: გვ. 468.
653 _a სამედიცინო მიკრობიოლოგია
653 _aმედიცინა
700 _aჩიჯავაძე, მ.
_eრედაქტორი
_96280
700 _aფირცხალაიშვილი, დ.
_eრედაქტორი
_96281
942 _2udc
_cBK